| 000 | 00378pab a2200157 454500 | ||
|---|---|---|---|
| 008 | 180718b2006 xxu||||| |||| 00| 0 eng d | ||
| 100 | _aBorrmann, Axel | ||
| 245 | _aInstitutional quality and the gains from trade | ||
| 260 | _c2006 | ||
| 300 | _ap.345-68. | ||
| 650 | _aTrade | ||
| 700 | _aNeuhaus, Silke | ||
| 700 | _aBusse, Matthias | ||
| 773 | _aKyklos | ||
| 909 | _a70696 | ||
| 999 |
_c70696 _d70696 |
||